00433nam a2200145Ia 4500008004100000020001800041041000800059082001800067100002300085245011000108250000600218260004100224300001400265650000800279210716s2018 xx 000 0 und d a9788126575718 aeng a005.2764 CHIS aChiaretta, Simone. aFront end development: with asp.net core angular and bootstrap.bWith asp.net core angular and bootstrap. a1 aNew DelhibWiley India Pvt Ltdc2018 axxiii,246 aASP